Una propuesta para la modificación del Indice de Desarrollo Humano /

Uloženo v:
Podrobná bibliografie
Hlavní autor: Salas-Bourgoin, María Andreina
Médium: Text
Tagy: Přidat tag
Žádné tagy, Buďte první, kdo vytvoří štítek k tomuto záznamu!

MARC

LEADER 00000 a a2200000 04500
001 47530
003
040
100 |a Salas-Bourgoin, María Andreina  
245 |a Una propuesta para la modificación del Indice de Desarrollo Humano /  |c María Andreina Salas-Bourgoin  
773 |g número112, (2014), páginas 31-46 : tablas, gráficos  
999 |c 23651  |d 23651